00399nam a22001457a 4500003000500000038001100005082001900016100003100035245004400066260003800110300001300148500001500161880004700176880003000223NUST awaseem a891.43905bRAV aMuhammad Khaleeq-Ur-Rehman aRavi 2012 /cMuhammad Khaleeq-Ur-Rehman aLahore :bG.C. University,c2012. a273 p. ; aPaperback. 6100-02\raمحمد خلیق الرحمان 6245-02\raراوی 2012 /